Statistiques concernant Effectif Olympique Lyonnais 2023/2024

Cliquez ici pour prendre le quiz!

Statistiques générales

  • Ce quiz a été pris 654 fois
    (98 depuis la dernière actualisation)
  • Le résultat moyen est 24 sur 29

Statistiques - réponses

PosteNuméroPaysJoueur% Correct
G1PortugalAnthony Lopes
99%
ATT10FranceAlexandre Lacazette
97%
MIL8FranceCorentin Tolisso
96%
MIL6FranceMaxence Caqueret
96%
COACH-FrancePierre Sage
95%
DEF3ArgentineNicolás Tagliafico
91%
DEF12IrlandeJake O’Brien
90%
DEF5CroatieDejan Lovren
88%
ATT17AlgérieSaïd Benrahma
87%
ATT9NigeriaGift Orban
86%
MIL31SerbieNemanja Matić
86%
DEF22AngolaClinton Mata
85%
DEF55CroatieDuje Caleta-Car
85%
MIL98AngleterreAinsley Maitland-Niles
83%
ATT37GhanaErnest Nuamah
83%
ATT7Guinée-BissauMama Baldé
83%
G23BrésilLucas Perri
82%
ATT11BelgiqueMalick Fofana
82%
MIL18FranceRayan Cherki
82%
MIL24FranceJohann Lepenant
78%
DEF21BrésilHenrique Silva
76%
DEF2Côte d'IvoireSinaly Diomandé
76%
MIL25BelgiqueOrel Mangala
74%
DEF20FranceSaël Kumbedi
73%
DEF14BrésilAdryelson
69%
MIL84FranceMohamed El Arouch
67%
MIL4Côte d'IvoirePaul Akouokou
64%
G30FranceJustin Bengui Joao
54%
MIL34FranceMahamadou Diawara
49%

Distribution des résultats

Percentile par nombre de réponses

% des personnes avec chaque résultat

Votre développement - résultats

Vous n’avez pas pris ce quiz depuis la dernière actualisation